Statistics for Doors Albums Tile Select

Click here to take the quiz!

General Stats

  • This quiz has been taken 17 times
  • The average score is 46 of 54

Answer Stats

QuestionTileSelect% Correct
the following songs that are on The Doors (1967).Light My FireYes
100%
the following songs that are on L.A. Woman (1971).Love Her MadlyYes
100%
the following songs that are on Morrison Hotel (1970).Peace FrogYes
100%
the following songs that are on Strange Days (1967).People Are StrangeYes
100%
the following songs that are on The Doors (1967).Break On Through (To the Other Side)Yes
93%
the following songs that are on L.A. Woman (1971).Crawling King SnakeYes
93%
the following songs that are on Morrison Hotel (1970).L'AmericaNo
93%
the following songs that are on The Doors (1967).Light My FireYes
93%
the following songs that are on The Soft Parade (1969).Queen of the HighwayNo
93%
the following songs that are on L.A. Woman (1971).Riders on the StormYes
93%
the following songs that are on Morrison Hotel (1970).Roadhouse BluesYes
93%
the following songs that are on The Soft Parade (1969).Shaman's BluesYes
93%
the following songs that are on The Doors (1967).Soul KitchenYes
93%
the following songs that are on Strange Days (1967).Spanish CaravanNo
93%
the following songs that are on The Soft Parade (1969).Summer's Almost GoneNo
93%
the following songs that are on L.A. Woman (1971).The ChangelingYes
93%
the following songs that are on The Soft Parade (1969).Touch MeYes
93%
the following songs that are on Strange Days (1967).When the Music's OverYes
93%
the following songs that are on The Doors (1967).You're Lost Little GirlNo
93%
the following songs that are on Strange Days (1967).Alabama Song (Whisky Bar)No
86%
the following songs that are on Morrison Hotel (1970).Cars Hiss By My WindowNo
86%
the following songs that are on Waiting for the Sun (1968).Five to OneYes
86%
the following songs that are on Waiting for the Sun (1968).Hello, I Love YouYes
86%
the following songs that are on The Soft Parade (1969).Love StreetNo
86%
the following songs that are on The Soft Parade (1969).Maggie M'GillNo
86%
the following songs that are on The Doors (1967).Moonlight DriveNo
86%
the following songs that are on Waiting for the Sun (1968).Runnin' BlueNo
86%
the following songs that are on L.A. Woman (1971).Ship of FoolsNo
86%
the following songs that are on The Soft Parade (1969).Tell All the PeopleYes
86%
the following songs that are on Waiting for the Sun (1968).The Unknown SoldierYes
86%
the following songs that are on Strange Days (1967).Twentieth Century FoxNo
86%
the following songs that are on Waiting for the Sun (1968).Wishful SinfulNo
86%
the following songs that are on L.A. Woman (1971).You Make Me RealNo
86%
the following songs that are on L.A. Woman (1971).Celebration of the LizardNo
79%
the following songs that are on Morrison Hotel (1970).Easy RideNo
79%
the following songs that are on Waiting for the Sun (1968).I Can't See Your Face in My MindNo
79%
the following songs that are on The Doors (1967).Love Me Two TimesNo
79%
the following songs that are on Strange Days (1967).My Eyes Have Seen YouYes
79%
the following songs that are on Strange Days (1967).My Wild LoveNo
79%
the following songs that are on The Doors (1967).Take It as It ComesYes
79%
the following songs that are on Strange Days (1967).The Crystal ShipNo
79%
the following songs that are on Morrison Hotel (1970).The WASP (Texas Radio and the Big Beat)No
79%
the following songs that are on Waiting for the Sun (1968).Unhappy GirlNo
79%
the following songs that are on Morrison Hotel (1970).Waiting for the SunYes
79%
the following songs that are on The Soft Parade (1969).We Could Be So Good TogetherNo
79%
the following songs that are on The Soft Parade (1969).Wild ChildYes
79%
the following songs that are on Strange Days (1967).Horse LatitudesYes
71%
the following songs that are on L.A. Woman (1971).Hyacinth HouseYes
71%
the following songs that are on Morrison Hotel (1970).Land Ho!Yes
71%
the following songs that are on Waiting for the Sun (1968).Not to Touch the EarthYes
71%
the following songs that are on Morrison Hotel (1970).The SpyYes
71%
the following songs that are on L.A. Woman (1971).Been Down So LongYes
64%
the following songs that are on The Doors (1967).End of the NightYes
64%
the following songs that are on Waiting for the Sun (1968).Wintertime LoveYes
57%

Score Distribution

Percentile by Number Answered

Percent of People with Each Score

Your Score History

You have not taken this quiz